Logo firm zaczynających się na A - Statystyki

Ogólne statystyki
  • Ten quiz został rozwiązany 2 269 razy
  • Średni wynik to 9 z 20
Statystyki odpowiedzi
Obrazkowy Odpowiedź % Poprawnych
Adidas
100%
Amazon
99%
Apple
96%
Audi
96%
Android
93%
Alfa Romeo
81%
Aldi
79%
Air Jordan
52%
Adobe
46%
AirBnb
32%
Atari
32%
Asics
31%
Acura
26%
American Airlines
19%
AT&T
14%
Arby's
11%
American Express
8%
AOL Instant Messenger
5%
Aquafina
5%
Arm & Hammer
5%
Nie znaleziono quizów pasujących do podanych kryteriów
Rozkład punktacji
Procent ludzi z każdym wynikiem
Percentyl według liczby udzielonych odpowiedzi
Twoja historia wyników
Nie rozwiązałeś tego quizu